00583nam a22001697a 4500003000900000005001700009007000300026008004100029020001800070040002600088082000700114110006100121245012100182260006000303300002000363504003000383DO-SdBNP20230320112339.0ta210609b2020 dr 00| 0 eng dspa d a9789945591934 aDO-SdBNPbspacBNPHU  422200aRepública Dominicana :bMinisterio de Salud Pública.00aDocumentos técnicos de apoyo psicosocial en emergencias y desastres : bsalud mental en situaciones de epidemias  aSanto Domingo : bMinisterio de Salud Pública,c2020. a23 p. ;c20 cm. aBibliografía : p. 16-17